The real Fidel Castro / (Record no. 14908)
[ view plain ]
| 000 -LEADER | |
|---|---|
| fixed length control field | 00898cam a22002655a 4500 |
| 001 - CONTROL NUMBER | |
| control field | 13771493 |
| 005 - DATE AND TIME OF LATEST TRANSACTION | |
| control field | 20170105102907.0 |
| 008 - FIXED-LENGTH DATA ELEMENTS--GENERAL INFORMATION | |
| fixed length control field | 041103s2005 ctu 000 0 eng |
| 010 ## - LIBRARY OF CONGRESS CONTROL NUMBER | |
| LC control number | 2004115997 |
| 020 ## - INTERNATIONAL STANDARD BOOK NUMBER | |
| International Standard Book Number | 0300107609 (pbk. : alk. paper) |
| 040 ## - CATALOGING SOURCE | |
| Original cataloging agency | DLC |
| Transcribing agency | DLC |
| Modifying agency | DLC |
| 042 ## - AUTHENTICATION CODE | |
| Authentication code | pcc |
| 082 ## - DEWEY DECIMAL CLASSIFICATION NUMBER | |
| Classification number | 972.91064092 |
| 100 1# - MAIN ENTRY--PERSONAL NAME | |
| Personal name | Coltman, Leycester. |
| 245 14 - TITLE STATEMENT | |
| Title | The real Fidel Castro / |
| Statement of responsibility, etc. | Leycester Coltman. |
| 250 ## - EDITION STATEMENT | |
| Edition statement | 1st pbk. ed. |
| 260 ## - PUBLICATION, DISTRIBUTION, ETC. | |
| Place of publication, distribution, etc. | New Haven, CT : |
| Name of publisher, distributor, etc. | Yale University Press New Haven and London, |
| Date of publication, distribution, etc. | 2005. |
| 263 ## - PROJECTED PUBLICATION DATE | |
| Projected publication date | 0502 |
| 300 ## - PHYSICAL DESCRIPTION | |
| Extent | p. cm. |
| 856 42 - ELECTRONIC LOCATION AND ACCESS | |
| Materials specified | Contributor biographical information |
| Uniform Resource Identifier | <a href="http://www.loc.gov/catdir/enhancements/fy0620/2004115997-b.html">http://www.loc.gov/catdir/enhancements/fy0620/2004115997-b.html</a> |
| 856 42 - ELECTRONIC LOCATION AND ACCESS | |
| Materials specified | Publisher description |
| Uniform Resource Identifier | <a href="http://www.loc.gov/catdir/enhancements/fy0620/2004115997-d.html">http://www.loc.gov/catdir/enhancements/fy0620/2004115997-d.html</a> |
| 906 ## - LOCAL DATA ELEMENT F, LDF (RLIN) | |
| a | 0 |
| b | ibc |
| c | orignew |
| d | 2 |
| e | epcn |
| f | 20 |
| g | y-gencatlg |
| 942 ## - ADDED ENTRY ELEMENTS (KOHA) | |
| Source of classification or shelving scheme | |
| Koha item type | Book |
| Withdrawn status | Lost status | Damaged status | Not for loan | Collection code | Permanent Location | Current Location | Shelving location | Date acquired | Total Checkouts | Full call number | Barcode | Date last seen | Price effective from | Koha item type |
|---|---|---|---|---|---|---|---|---|---|---|---|---|---|---|
| Centre for International Peace & Stability (CIPS) | Centre for International Peace & Stability (CIPS) | General Stacks | 10/01/2013 | 972.91064092 COL 2003 | CIPS0001602 | 10/24/2013 | 10/24/2013 | Book |
